Усадьба Асеевых (Запись № 11297803)
[ простой вид ]
| 000 -МАРКЕР | |
|---|---|
| контрольное поле | 02050nam0a2200361 4500 |
| 001 - ИДЕНТИФИКАТОР ЗАПИСИ | |
| контрольное поле | RU\NLR\BIBL_A\011978897 |
| 005 - ИДЕНТИФИКАТОР ВЕРСИИ | |
| контрольное поле | 20240531093752.0 |
| 010 ## - МЕЖДУНАРОДНЫЙ СТАНДАРТНЫЙ НОМЕР КНИГИ (ISBN) | |
| Номер (ISBN) | 978-5-00060-011-5 |
| Тираж | 1000 |
| 021 ## - НОМЕР ГОСУДАРСТВЕННОЙ РЕГИСТРАЦИИ | |
| Код страны | Российская Федерация |
| Номер | КН-П-19-016214 |
| Номер Листа государственной регистраци | КН-П-19-1217 |
| 035 ## - ДРУГИЕ СИСТЕМНЫЕ НОМЕРА | |
| Идентификатор записи | (NLR Aleph) 011978897 |
| 035 ## - ДРУГИЕ СИСТЕМНЫЕ НОМЕРА | |
| Идентификатор записи | (RuMoRGB)009912643 |
| 100 ## - ДАННЫЕ ОБЩЕЙ ОБРАБОТКИ | |
| Данные общей обработки | 20190403d2016 u y0rusy50 ca |
| 101 0# - ЯЗЫК РЕСУРСА | |
| Язык текста, звукозаписи и т.д. | русский |
| 102 ## - СТРАНА ПУБЛИКАЦИИ ИЛИ ПРОИЗВОДСТВА | |
| Страна публикации | Российская Федерация |
| 105 ## - ПОЛЕ КОДИРОВАННЫХ ДАННЫХ: ТЕКСТОВЫЕ МАТЕРИАЛЫ, МОНОГРАФИЧЕСКИЕ | |
| Кодированные данные о монографическом текстовом документе | ach|z|||000zy |
| 200 1# - ЗАГЛАВИЕ И СВЕДЕНИЯ ОБ ОТВЕТСТВЕННОСТИ | |
| Основное заглавие | Усадьба Асеевых |
| Первые сведения об ответственности | Администрация Тамбовской области, Управление культуры и архивного дела Тамбовской облвсти, Историко-культурный музейный комплекс "Усадьба Асеевых", Филиал Государственного музея-заповедника "Петергоф", Тамбовский областной краеведческий музей |
| Последующие сведения об ответственности | [авторы-составители: Г. Абрамова, Е. Романенко] |
| 210 ## - ПУБЛИКАЦИЯ, РАСПРОСТРАНЕНИЕ И ДР. | |
| Место издания, распространения и т.д. | Тамбов |
| Имя издателя, распространителя и т. д. | Цифра |
| Дата издания, распространения и т.д. | 2016 |
| 215 ## - ФИЗИЧЕСКАЯ ХАРАКТЕРИСТИКА | |
| Специфическое обозначение материала и объем | 151 с. |
| Другие сведения о физической характеристике | ил., цв. ил., портр., факс. |
| Размеры | 24 |
| 601 02 - НАИМЕНОВАНИЕ ОРГАНИЗАЦИИ КАК ПРЕДМЕТ | |
| Начальный элемент ввода | "Усадьба Асеевых", историко-культурный музейный комплекс |
| Идентифицирующий признак | Тамбов, город |
| Тематический подзаголовок | Архитектура |
| Код системы | nlr_sh2 |
| Идентификатор авторитетной/нормативной записи | RU\NLR\AUTH\6601655423 |
| 602 ## - РОДОВОЕ ИМЯ КАК ПРЕДМЕТ | |
| Начальный элемент ввода | Асеевы (род) |
| Код системы | nlr_sh2 |
| Идентификатор авторитетной/нормативной записи | RU\NLR\AUTH\6601614871 |
| 686 1# - ИНДЕКСЫ ДРУГИХ КЛАССИФИКАЦИЙ | |
| Индекс | Щ113(2Р=Рус)92Тамбов |
| 686 1# - ИНДЕКСЫ ДРУГИХ КЛАССИФИКАЦИЙ | |
| Индекс | Т214(2)0-3 |
| 702 #1 - ИМЯ ЛИЦА - ВТОРИЧНАЯ ОТВЕТСТВЕННОСТЬ | |
| Начальный элемент ввода | Абрамова |
| Часть имени, кроме начального элемента ввода | Г. А. |
| Дополнения к именам, кроме дат | краевед |
| Даты | 1958- |
| Расширение инициалов личного имени | Галина Александровна |
| Идентификатор авторитетной/нормативной записи | RU\NLR\AUTH\770205590 |
| Код отношения | Составитель |
| 711 02 - НАИМЕНОВАНИЕ ОРГАНИЗАЦИИ - АЛЬТЕРНАТИВНАЯ ОТВЕТСТВЕННОСТЬ | |
| Начальный элемент ввода | "Усадьба Асеевых", историко-культурный музейный комплекс |
| Идентифицирующий признак | Тамбов |
| 722 ## - РОДОВОЕ ИМЯ - ВТОРИЧНАЯ ОТВЕТСТВЕННОСТЬ | |
| Начальный элемент ввода | Асеевы (род) |
| Идентификатор авторитетной/нормативной записи | RU\NLR\AUTH\770172549 |
| Код отношения | Прочие |
| 942 ## - ДОПОЛНИТЕЛЬНЫЕ ЭЛЕМЕНТЫ ЗАПИСИ (АБИС) | |
| Тип экземпляра АБИС | Книга |
| 980 ## - КОЛЛЕКЦИЯ | |
| Название коллекции | Издания по генеалогии и истории семей. Часть 2 (после 1917 г.) |
| 980 ## - КОЛЛЕКЦИЯ | |
| Название коллекции | НБР |
| 980 ## - КОЛЛЕКЦИЯ | |
| Название коллекции | Национальная библиография |
Нет доступных экземпляров.